000 05071nam a22003137i 4500
001 TCPA 74
003 gtcocun
005 20250902221220.0
006 a||||gr|||| 00| 0
008 250902b2018 gt ||||| m||| 00| 0 eng d
040 _agtcocun
_bSPA
_cgtcocun
_eRDA
041 _aSPA
084 _0TCPA 74
100 _aVázquez Choc, Karla Lorena
_eAutor
245 _aInforme final del Ejercicio Profesional Supervisado, realizado en Bocinales ¨Even Ezer¨, ubicada en Cobán Alta Verapaz/
_cKarla Lorena Vázquez Choc
_hImpreso
264 _aCobán, Alta Verapaz:
_bUniversidad de San Carlos de Guatemala, Centro Universitario del Norte, Licenciatura en Contaduría Pública y Auditoría.
300 _a65 p.:
_bIlustraciones, gráficas.
_c28 cm; PDF
336 _2rdacontenido
_aTexto
_btxt
337 _2rdamedio
_aComputadora
_bn
338 _2rdasoporte
_aCódigo en línea
_bcr
502 _e.
502 _aTesis de grado
_bLicenciatura en Contaduría Pública y Auditoría.
_cUniversidad de San Carlos de Guatemala, Centro Universitario del Norte, Licenciatura en Contaduría Pública y Auditoría.
_d2018
_oTCPA 74
520 1 4 _aLa Universidad de San Carlos de Guatemala a través del Centro Universitario del Norte, ofrece la carrera de Licenciatura en Contaduría Pública y Auditoría, la cual solicita como etapa final que el estudiante realice el Ejercicio Profesional Supervisado, donde se pretende aplicar los conocimientos adquiridos mediante intervenciones profesionales, para ayudar a disminuir los riesgos financieros en las empresas del medio. Fue realizado en la empresa Bocínales “Eben Ezer”, ubicada en la 2da calle 3-23 zona 4, a un costado de Transportes Monja Blanca, Cobán, Alta Verapaz, su actividad económica es la compra y venta de instrumentos musicales. La cual fue sometida a un diagnóstico con el fin de conocer su situación económica y financiera, para posteriormente redactar y jerarquizar las problemáticas detectadas, donde se enfocaron las propuestas de soluciones por cada intervención. Una vez finalizada la etapa de diagnóstico, se elaboró el plan de trabajo por medio de métodos y técnicas, donde se programaron las actividades a realizar en las intervenciones, para contrarrestar los problemas detectados, con el fin de mejorar la operatividad y minimizar los riesgos de contingencia dentro de la empresa. Se llevó a cabo la programación y los lineamientos establecidos en el plan de trabajo y seguidamente se inició el proceso de ejecución con la restructuración de los registros en los libros contables y estados financieros, en los que fueron detectadas diferencias entre la documentación física y los saldos reportados en los libros, razón para ajustar los saldos mediante los cálculos respectivos que fueron documentados en los papeles de trabajo. De la misma forma se elaboró de un manual contable incluyendo los siguientes aspectos: generalidades de la empresa, instructivo, plan de cuentas, descripción de cuentas, jornalizaciones, políticas, dicho documento fue entregado al gerente de la empresa, quien aprobó y autorizó su implementación, finalmente se realizó la actualización y rectificación de las declaraciones del IVA e ISR de los períodos fiscales comprendidos del 2012 al 2015, realizando el pago de los impuestos omitidos ante la Superintendencia de Administración Tributaria. Para finalizar se redactaron las conclusiones por cada intervención, mediante la restructuración de los libros contables y estados financieros, ayudó a la empresa a conocer su situación financiera y fiscal de los períodos correspondientes al año 2012 al 2015, así mismo a través de la elaboración del manual contable, el personal del área llevo a cabo el correcto registro de las transacciones económicas de la empresa, finalmente se realizaron las actualizaciones y rectificaciones de las declaraciones ante la Superintendencia de Administración Tributaria , realizando el pago de los impuestos omitidos mediante los formularios SAT 1311 y SAT 2237. Se plantearon las siguientes recomendaciones: que los registros contables se realicen en base a la documentación de respaldo, de la misma forma que el personal del área contable haga uso del manual contable para el registro, clasificación de las transacciones y elaboración de Estados Financieros; por ultimo realizar consultas integradas para determinar si la empresa realiza el pago de las obligaciones formales y sustantivas de forma correcta, todo lo anterior con el fin que la empresa pueda aplicarlas y seguir desempeñándose de manera adecuada, en sus actividades operativas , administrativas y financieras.
650 _2LEMB
_aCobán, Alta Verapaz
_xreestructuracion
_xmanual contable
_ximpuestos
700 _aLic. Miguel Alberto Klug Caal
_eAsesor
856 _uhttps://drive.google.com/file/d/19D_R28foKLIw3JYcVAQNC36VQj0SSiUq/view?usp=sharing
_yPDF
_zUn ejemplar en línea.
942 _2ddc
_cTES
_iTCPA_74
_kClasificación
_n0
_6TCPA__74
999 _c1628
_d1628